Estatísticas para Emblemas de Clubes Portugueses #1

Clique aqui para jogar o quiz

Estatísticas Gerais

  • Esse quiz foi jogado 203 vezes
  • A pontuação média é 13 de 16

Estatísticas das Respostas

Resposta% Correto
Futebol Clube do Porto
98%
Sport Lisboa e Benfica
98%
Futebol Clube de Famalicão
88%
Boavista Futebol Clube
87%
Grupo Desportivo Estoril Praia
87%
Vitória Sport Clube
87%
Casa Pia Atlético Club
84%
Rio Ave Futebol Clube
83%
Portimonense Sport Clube
81%
Futebol Clube Arouca
80%
Grupo Desportivo de Chaves
80%
Futebol Clube de Paços de Ferreira
79%
Gil Vicente Futebol Clube
79%
Marítimo
77%
Futebol Clube de Vizela
72%
Leixões Sport Clube
60%

Distribuição das Pontuações

Percentil de Números Respondidos

Porcentagem de Pessoas com Cada Pontuação

Sua Pontuação Histórica

Você não jogou esse quiz